LEADER 00923cam0-2200325---450- 001 990004082450403321 005 20100902105955.0 010 $a88-222-4364-1 035 $a000408245 035 $aFED01000408245 035 $a(Aleph)000408245FED01 035 $a000408245 100 $a19990604d1995----km-y0itay50------ba 101 0 $aita 102 $aIT 105 $ay-------001cy 200 1 $a<>nave di Ermete$ela cosmologia di Girolamo Fracastoro$fEnrico Peruzzi 210 $aFirenze$cOlschki$d1995 215 $aVIII, 119 p.$d24 cm 225 1 $aQuaderni di Rinascimento$v31. 610 0 $aFracastoro, Girolamo <1478-1553>$aCosmologia 676 $a113.092 700 1$aPeruzzi,$bEnrico$0157831 801 0$aIT$bUNINA$gRICA$2UNIMARC 901 $aBK 912 $a990004082450403321 952 $aP.1 FG 1996$bBibl.26994$fFLFBC 959 $aFLFBC 996 $aNave di Ermete$9479761 997 $aUNINA LEADER 01146nam a22002651i 4500 001 991002261749707536 005 20040223225435.0 008 040407s1961 fr |||||||||||||||||fre 035 $ab12895684-39ule_inst 035 $aARCHE-087530$9ExL 040 $aDip.to Filologia Class. e Scienze Filosofiche$bita$cA.t.i. Arché s.c.r.l. Pandora Sicilia s.r.l. 082 04$a091 245 00$aRecherches de papyrologie.$n1 /$c[scritti diAndré Bataille ... et al.] 260 $aParis :$bPresses universitaires de France,$c1961 300 $a120 p., 6 carte di tav. ripieg. :$bill. ;$c31 cm 440 0$aPublications de la Faculté des lettres et sciences humaines de Paris.$pSérie Recherches ;$v1 440 0$aTravaux de l'Institut de papyrologie de Paris ;$v1 650 4$aPapirologia 700 1 $aBataille, André 907 $a.b12895684$b02-04-14$c16-04-04 912 $a991002261749707536 945 $aLE007 091 REC 01.01 $cv. 1$g1$i2007000068021$lle007$o-$pE0.00$q-$rl$s- $t0$u0$v0$w0$x0$y.i13460353$z16-04-04 996 $aRecherches de papyrologie$9263356 997 $aUNISALENTO 998 $ale007$b16-04-04$cm$da $e-$ffre$gfr $h0$i1